[Event "Novi Ligure op 1st"]
[Site "Novi Ligure"]
[Date "2006.10.14"]
[Round "2"]
[White "Falamischia, Andrea"]
[Black "Tartaglino, Fabio"]
[Result "1/2-1/2"]
[WhiteElo "1575"]
[BlackElo "1434"]
[PlyCount "86"]
[EventDate "2006.10.13"]
[EventType "swiss"]
[EventRounds "5"]
[EventCountry "ITA"]
[SourceTitle "EXT 2007"]
[Source "ChessBase"]
[SourceDate "2006.11.23"]
[SourceVersion "1"]
[SourceVersionDate "2006.11.23"]
[SourceQuality "1"]

1. d4 Nf6 2. c4 g6 3. Nc3 d5 4. cxd5 Nxd5 5. e4 Nxc3 6. bxc3 Bg7 7. Bc4 c5 8. Ne2 0-0 9. 0-0 Nd7 10. Be3 b6 11. Qd2 Bb7 12. f3 Rc8 13. Rac1 a6 14. a4 Qc7 15. Bh6 Rfd8 16. Bxg7 Kxg7 17. Qd3 Ne5 18. Qb1 Nxc4 19. Qa2 Nd6 20. d5 Ne8 21. c4 Ra8 22. Qb2+ Kg8 23. f4 f6 24. Rf3 Bc8 25. Rg3 Kf7 26. Rf1 Nd6 27. Qc2 Bd7 28. e5 Nf5 29. e6+ Bxe6 30. dxe6+ Kxe6 31. Rh3 Rh8 32. g4 Ng7 33. Qe4+ Kf7 34. Rxh7 Qd7 35. Rxh8 Qxg4+ 36. Qg2 Qxg2+ 37. Kxg2 Rxh8 38. Nc3 Rd8 39. Rd1 Rxd1 40. Nxd1 e6 41. Nc3 Ke7 42. Kf3 Kd6 43. Ne4+ Ke7 1/2-1/2